Central Library OPAC University of Rajshahi

الناسخ والمنسوخ alnaasikh walmansukh / (Record no. 81176)

MARC details
000 -LEADER
fixed length control field 00751nam a2200217 a 4500
001 - CONTROL NUMBER
control field 81176
003 - CONTROL NUMBER IDENTIFIER
rucl marc code BD-RjUL
005 - DATE AND TIME OF LATEST TRANSACTION
control field 20230206113112.0
008 - FIXED-LENGTH DATA ELEMENTS--GENERAL INFORMATION
fixed length control field 220205s1960 su 000 0 ara d
035 ## - SYSTEM CONTROL NUMBER
System control number (BD-RjUL)
040 ## - CATALOGING SOURCE
Original cataloging agency TAU
Language of cataloging eng
Transcribing agency BD-RjUL
041 0# - LANGUAGE CODE
Language code of text/sound track or separate title ara
082 ## - DEWEY DECIMAL CLASSIFICATION NUMBER
Edition number 23
Classification number 297.81
Author mark and year BIN 1960
090 ## - LOCALLY ASSIGNED LC-TYPE CALL NUMBER (OCLC); LOCAL CALL NUMBER (OCLC)
Classification number (OCLC) (R) ; Classification number, CALL (RLIN) (NR) 297.81
100 0# - MAIN ENTRY--PERSONAL NAME
Personal name Bin Salamah, Abu al-Qasim Hiba بن سلامه, أبو القاسم هبة
9 (RLIN) 6849
245 12 - TITLE STATEMENT
Title الناسخ والمنسوخ alnaasikh walmansukh /
Statement of responsibility, etc. Abu al-Qasim Hiba bin Salamah تأليف ابي القاسم هبة بن سلامه
260 ## - PUBLICATION, DISTRIBUTION, ETC. (IMPRINT)
Place of publication, distribution, etc. misr :
Name of publisher, distributor, etc. Mustafa Albani،
Date of publication, distribution, etc. 1960
300 ## - PHYSICAL DESCRIPTION
Pagination 110 ص
Size 23
600 14 - SUBJECT ADDED ENTRY--PERSONAL NAME
Personal name Abu 'Ubayd al-Qasim ibn Sallam,
Dates associated with a name 774-838.
Title of a work Nasikh wa-l-mansukh
942 ## - ADDED ENTRY ELEMENTS (KOHA)
Source of classification or shelving scheme Dewey Decimal Classification
Koha item type Books
Holdings
Lost status Source of classification or shelving scheme Damaged status Not for loan Collection code Permanent Location Current Location Shelving location Date acquired Source of acquisition Cost, normal purchase price Total Checkouts Full call number Date last seen Copy number Koha item type
  Dewey Decimal Classification   Not For Loan Non-fiction Central Library, University of Rajshahi Central Library, University of Rajshahi Reading Room 21/04/1964 Urdu Library, Rajshahi 4.62   A 297.81 BIN 1960 06/02/2023 C-1 Books